000 00386nam a22001457a 4500
999 _c122666
_d122666
005 20210619084445.0
008 210619b ||||| |||| 00| 0 eng d
040 _cPK-LaUMT
082 _a346.0026
_bIFR-M
100 _aIfran Akhtar
245 _aManual of civil courts laws /
_cby Ifraz Akhtar
260 _aLahore :
_bCapital Law Publishers,
_c2021
300 _a304 p.
942 _cBK